[Event "Nanjing Pearl Spring 2nd"]
[Site "Nanjing"]
[Date "2009.10.02"]
[Round "5"]
[White "Carlsen, Magnus"]
[Black "Radjabov, Teimour"]
[Result "1-0"]
[WhiteElo "2772"]
[BlackElo "2757"]
[Annotator "Ftacnik,Lubomir"]
[PlyCount "49"]
[EventDate "2009.09.28"]
[EventType "tourn"]
[EventRounds "10"]
[EventCountry "CHN"]
[EventCategory "21"]
[SourceTitle "CBM 133"]
[Source "ChessBase"]
[SourceDate "2009.11.19"]
[SourceVersion "1"]
[SourceVersionDate "2009.11.19"]
[SourceQuality "1"]

1. e4 c5 2. Nf3 Nc6 3. Bb5 e6 4. O-O Nge7 5. c3 a6 6. Ba4 b5 7. Bc2 Bb7 8. Qe2 d5 9. e5 d4 10. Be4 Qb6 {The queen move aspires to improve on the undesirable score, that used to be achieved by the seemingly more logical knight move.} (10... Nd5 11. d3 Be7 (11... dxc3 12. Nxc3 (12. bxc3 Be7 13. c4 Nb6 14. a3 Na4 15. Bd2 O-O 16. Nc3 Nxc3 17. Bxc3 Qd7 18. Rfb1 $14 {½-½ Svidler,P (2713)-Grischuk,A (2701)/Togliatti 2003 (41)}) 12... Nxc3 (12... Be7 13. Rd1 O-O 14. d4 Nxc3 15. bxc3 cxd4 16. cxd4 Na5 17. Bxb7 Nxb7 18. h4 Na5 19. Bg5 $11 {½-½ Rublevsky,S (2645)-Eljanov,P (2639)/Saint Vincent 2005 (72)}) (12... Qd7 13. Rd1 Be7 14. d4 Nxd4 15. Nxd4 cxd4 16. Nxd5 exd5 17. Rxd4 O-O 18. Bd3 Rfe8 19. Bd2 g6 20. Rg4 $11 {½-½ Rublevsky,S (2644)-Moiseenko,A (2597)/Moscow 2003 (42)}) 13. bxc3 Be7 14. d4 cxd4 15. cxd4 Qd7 (15... Rb8 16. Rd1 Nb4 17. Bd2 Nd5 18. Qd3 g6 19. Bh6 $11 {0-1 Hracek,Z (2613)-Krasenkow,M (2661)/Ostrava 2007 (47)}) 16. a4 bxa4 17. Rxa4 O-O 18. Bd2 a5 19. Rfa1 h6 20. h4 Ba6 21. Qe3 $11 {1-0 Morozevich,A (2742)-Van Wely,L (2697)/Monte Carlo 2002 (81)}) 12. c4 $1 {The key idea indicating, that the central location of the knight has also darker sides.} bxc4 (12... Nb6 13. Bf4 b4 (13... Qd7 14. Na3 b4 15. Nc2 O-O-O 16. a3 a5 17. axb4 axb4 18. Ng5 Rdf8 19. Qh5 Qe8 20. Bf3 $16 {1-0 Gaehler,M (2223)-Martinovic,S (2400)/Szeged 2007 (45)}) 14. Nbd2 Kd7 15. Nb3 a5 16. a3 a4 17. axb4 axb3 18. b5 Qc7 19. bxc6+ Bxc6 20. Nd2 $16 {1-0 Burnett,R (2437)-Nguyen Anh Dung (2496)/Budapest 2000 (52)}) 13. dxc4 Nb6 14. Ne1 Qc7 (14... Rb8 15. Nd2 Qc7 16. Nd3 a5 17. f4 Nb4 18. Nxb4 axb4 19. a4 Bxe4 20. Nxe4 O-O $14 {1-0 Fedorchuk,S (2592)-Ejsmont,K (2348)/Ustron 2006 (40)}) 15. Nd2 (15. b3 Nd7 16. f4 O-O-O 17. Nd3 Rdg8 18. Nd2 h6 19. Bf3 g5 20. Ne4 Nb4 21. Nxb4 cxb4 $11 {1-0 Tolstikh,N (2405)-Michalek,J (2300)/Pardubice 1995 (32)}) 15... Nd7 16. Nd3 Nb4 17. Nf3 Bxe4 18. Qxe4 Qc6 19. Qe2 Nxd3 20. Qxd3 $11 {1-0 Gu Xiaobing (2339)-Yu,L (2328)/Lishui 2009 (71)}) 11. d3 (11. cxd4 Nxd4 12. Nxd4 cxd4 13. d3 Bxe4 14. Qxe4 Rc8 15. Nd2 Nc6 16. Nf3 Be7 17. Qg4 Kf8 18. Bd2 $16 {1-0 Cabrilo,G (2484)-Andrijevic,M (2402)/Sozina 2004 (47)}) 11... Rd8 12. a4 Nd5 {Once again this logical move might not be the most promising. In the future players may explore the intricacies of the dynamic solution with the exchange on the c3-square.} (12... dxc3 $5 13. Nxc3 (13. bxc3 b4 14. Re1 (14. Nbd2 Nd5 $11) 14... b3 15. Nbd2 Na5 $13) 13... b4 14. a5 Qc7 15. Na4 Nxa5 16. Qc2 c4 17. Bxb7 b3 18. Qb1 Nxb7 19. dxc4 Qxc4 20. Be3 $14) 13. axb5 axb5 14. cxd4 (14. Bd2 Be7 15. Na3 O-O 16. c4 bxc4 17. Nxc4 Qc7 18. Ng5 $14) 14... cxd4 (14... Nxd4 15. Nxd4 cxd4 16. Bd2 (16. Nd2 Be7 17. Nb3 O-O 18. Bd2 Nb4 19. Rfc1 $14) 16... Rc8 17. Ba5 Qc6 18. Nd2 Qc2 19. Qg4 $14) 15. Nbd2 Nf4 (15... Be7 16. Nb3 h6 17. Bd2 b4 18. Rfc1 O-O 19. g3 $14) 16. Qd1 Nb4 $146 {[%mdl 32] Radjabov neglects one of the main principles of strategy and jumps right into the conflict zone before finishing his own development.} (16... Nd5 17. Nb3 Be7 18. Bd2 Ndb4 (18... b4 19. Qe2 h6 $14) 19. Qe2 O-O 20. Ng5 (20. Rfc1 h6 21. g3 $14) 20... g6 21. Nxh7 Kxh7 22. Qh5+ Kg8 23. Bxg6 fxg6 24. Qxg6+ $11 {½-½ Pahud,C (2185)-Carron,J (2300)/Lausanne 2003 (29)}) (16... Ng6 17. Bxg6 (17. Re1 Bb4 18. Qb3 Nge7 $11) 17... hxg6 18. Ne4 Be7 19. Bg5 O-O 20. Qe2 $14) ({RR} 16... Nd5 17. Nb3 Be7 18. Bd2 Ndb4 19. Qe2 O-O 20. Ng5 g6 21. Nxh7 Kxh7 22. Qh5+ Kg8 23. Bxg6 fxg6 24. Qxg6+ Kh8 25. Qh6+ Kg8 26. Qg6+ Kh8 27. Qh6+ Kg8 28. Qxe6+ Kh8 29. Qh6+ {½-½ (29) Pahud,C (2185)-Carron,J (2300) Lausanne 2003}) 17. Nb3 $1 Bxe4 18. dxe4 Nfd3 (18... Ng6 19. Nfxd4 Nc6 20. Be3 Ncxe5 21. Ra5 $16) 19. Bg5 Rc8 {The necessity of the rook retreat does not bode well for Black's strategy.} (19... Be7 20. Bxe7 Kxe7 21. Qd2 Ke8 (21... h6 22. Nc1 $18) 22. Ra3 $16) 20. Nfxd4 Nxb2 (20... h6 21. Bd2 Nxb2 22. Qg4 $16) 21. Qe2 (21. Qh5 Nc4 22. Rfd1 h6 (22... Nxe5 23. Ra5 Nbc6 24. Rxb5 Qa6 25. Ra1 Ba3 26. Nc5 $18) (22... Na6) 23. Qh3 Na6 24. Be3 $14) 21... Nc4 22. Rfc1 Bc5 {It is not a big surprise, that despite the seemingly firm build up on the queenside the black pieces actually suffer from shaky legs.} (22... Be7 23. Nxb5 $1 Qxb5 (23... Bxg5 24. Rxc4 $18) 24. Bxe7 Kxe7 25. Ra7+ Ke8 26. Ra5 $1 Qb6 27. Rxc4 $16) 23. Nxb5 (23. Nxc5 $1 Qxc5 24. Be3 Nc6 (24... Qxe5 25. Rcb1 Qd6 (25... Nxe3 26. fxe3 $18) 26. Nxb5 Qd3 27. Qg4 Nxe3 28. Qxg7 Rf8 29. Rxb4 Nc2 30. Nc7+ Kd7 31. Nxe6 $18) 25. Nxb5 Qxb5 26. Qxc4 Qxc4 27. Rxc4 O-O 28. Rac1 $16) 23... O-O $2 {Radjabov does not usually excel in the defence. This might be the reason why he missed the most stubborn way to resist Carlsen's activity after his relatively soft move.} (23... Qxb5 24. Ra5 $1 Qxa5 25. Nxa5 Nxa5 26. Qb5+ Nac6 27. Rxc5 $18) (23... Bxf2+ $1 24. Qxf2 Qxb5 25. Nc5 $5 (25. Qd4 O-O 26. Be7 Rfe8 27. Bxb4 Qxb4 28. Na5 Qxa5 29. Rxa5 Nxa5 30. Rxc8 Rxc8 $16) (25. Qe2 O-O 26. Nd4 Qxe5 $1 (26... Qc5 27. Be3 Rfd8 28. Nf5 Qf8 29. Rxc4 exf5 30. exf5 $16) 27. Rxc4 Rxc4 28. Qxc4 Qxg5 29. Qxb4 Qe3+ 30. Kh1 Qxe4 $16) 25... O-O $1 (25... h6 26. Be7 $3 Nxe5 (26... Kxe7 27. Ra7+ Kd8 28. Rxc4 $18) 27. Bd6 Nc4 28. Nxe6 fxe6 29. Ra7 Qb6 30. Bxb4 $18) 26. Be7 Rfe8 27. Bd6 Nxd6 28. exd6 Nd3 $1 29. Nxd3 Qxd3 30. e5 (30. Rd1 Ra8 $1 31. e5 Rxa1 32. Rxa1 Qc3 $14) 30... Rxc1+ 31. Rxc1 f6 $14 {Black would have kept excellent chances to hold the game.}) 24. Nxc5 Nxe5 (24... Rxc5 25. Be7 Qxb5 26. Bxc5 Qxc5 27. Qxc4 $18) 25. Be7 {The catastrophe is complete, Radjabov will lose loads of material and every right to continue with his resistance.} (25. Be7 Rfe8 26. Nd6 Rxc5 (26... Rxe7 27. Nxc8 $18) 27. Rxc5 Qxc5 28. Nxe8 Qxe7 29. Ra8 $18) 1-0

[Event "Nanjing Pearl Spring 2nd"]
[Site "Nanjing"]
[Date "2009.10.05"]
[Round "7"]
[White "Topalov, Veselin"]
[Black "Carlsen, Magnus"]
[Result "1/2-1/2"]
[WhiteElo "2813"]
[BlackElo "2772"]
[Annotator "Rogozenco,Dorian"]
[PlyCount "85"]
[EventDate "2009.09.28"]
[EventType "tourn"]
[EventRounds "10"]
[EventCountry "CHN"]
[EventCategory "21"]
[SourceTitle "CBM 133"]
[Source "ChessBase"]
[SourceDate "2009.11.19"]
[SourceVersion "1"]
[SourceVersionDate "2009.11.19"]
[SourceQuality "1"]

1. e4 c5 2. Nf3 Nc6 3. d4 cxd4 4. Nxd4 Nf6 5. Nc3 e5 6. Ndb5 d6 7. Bg5 a6 8. Na3 b5 9. Bxf6 gxf6 10. Nd5 Bg7 11. Bd3 Ne7 12. Nxe7 Qxe7 13. O-O O-O 14. c4 f5 15. Qh5 Rb8 16. exf5 e4 17. Rae1 Bb7 18. Qg4 Rfe8 19. cxb5 d5 20. bxa6 Bc6 21. Rc1 {After Shirov's success in this variation versus Carlsen (Sofia 2009), Topalov decides to try a rare continuation too. But the Norwegian came well prepared and shows how to neutralize White's last move.} (21. b3 Kh8 $146 22. Nc2 Be5 23. Be2 d4 24. Bc4 Rg8 25. Qh3 Rg7 26. g3 Rbg8 27. Qh6 Qc7 $2 (27... Ba8 $44) 28. Nb4 Ba8 29. Nd5 $18 {1-0 Shirov,A (2745)-Carlsen,M (2770)/Sofia 2009 (30)}) 21... exd3 $1 $146 {This novelty practically leads to a draw by force.} (21... Ba8 $2 {allows} 22. Rc7 {with a large advantage for White in all variations:} Qe5 (22... Qxc7 $2 23. f6 {with mate}) 23. Bb5 Rf8 (23... Re7 24. f6 Qxf6 25. Rc8+ Rxc8 26. Qxc8+ Bf8 27. Qxa8 Qxb2 28. Qxd5 Qxa3 29. Qg5+ Kh8 30. Rd1 $18) (23... Red8 24. a7 Rb6 25. Rc8 $1 Rbd6 (25... Rxc8 26. f6 Qxf6 27. Qxc8+ Bf8 28. Qxa8 $18) 26. Rfc1 $18) (23... Rec8 24. Rxc8+ Rxc8 25. f6 $18) 24. Rfc1 Qxb2 (24... d4 25. R1c5 Qf6 26. a7 Rbd8 27. Bc6 $18) 25. a7 Rbd8 26. R7c2 Qf6 27. Bc6 $16 {/+-}) (21... Bd7 22. Be2 Rxb2 23. Rc7 Qd6 {1-0 Koeller,O (2290)-Schelle,A (2150)/Aschach 1998 (28)} 24. Rxd7 Qxd7 25. Bb5 Rxb5 26. Nxb5 d4 27. Nc7 Rc8 28. Nd5 $18) 22. Rxc6 {[%cal Gf5f6]} Qe2 (22... Kh8 23. Qf3 $5 (23. b3 $2 Qxa3) 23... Bxb2 24. Nb1 Qe4 (24... Qd7 25. Rc5 Rb5 26. Rxb5 Qxb5 27. Nd2 $16) (24... Qe2 25. Qxd5 Rbd8 26. Rd6 $18) 25. Qxe4 dxe4 26. Nd2 $16) 23. h3 (23. f3 $4 d2 $19) (23. Qg3 $4 d2 $19) (23. Qxe2 $2 dxe2 24. Re1 Rxb2 $17) 23... Rxb2 24. f6 Qxg4 25. hxg4 Rxa2 (25... Bf8 26. Nb1 Rxa2 {is the same as the game}) 26. Nb1 (26. Nb5 $2 d2 $19 {[%cal Ge8e1]}) (26. fxg7 Rxa3 $11) 26... Bf8 27. Rc3 (27. Rd1 {makes little sense, since White does not threaten to take the pawn due to the check on e1. Therefore Black can continue with the simple} h6 {and after for instance} 28. g3 {-} Rc2 $11 {[%cal Gf8c5]}) 27... Rxa6 $146 ({Also possible is} 27... d2 28. Rd3 Bb4 29. Rxd5 Rxa6 30. Nxd2 Bxd2 31. Rxd2 Rxf6 $14) ({RR} 27... d2 28. Rd3 Bb4 29. Rxd5 Rxa6 30. Nxd2 Bxd2 31. Rxd2 Rxf6 32. f3 h6 33. Kf2 Kg7 34. Kg3 Re7 35. Rd5 Ra6 36. Rf2 Rea7 37. Rfd2 Ra2 38. g5 Rxd2 39. gxh6+ Kxh6 40. Rxd2 Ra6 41. Rd5 Ra2 42. f4 {Guliyev,N (2539)-Mista,A (2541) Plancoet 2012 ½-½ (53)}) 28. Rxd3 Rxf6 {After more or less forced sequence of moves the players have achieved a position, which with elementary accuracy from Black is a draw.} 29. Rxd5 ({Or} 29. Nc3 Bc5 $11 {with the idea to take on f2 followed by a check on e1.}) 29... Bb4 $1 {The most White can achieve now is 4-rooks endgame 3 versus 2 on the kingside. All Black has to do is to be ready to exchange the minor pieces as soon as the white knight moves from b1.} 30. g3 Re2 31. Kg2 Be1 32. Rf5 Rxf5 33. gxf5 Bb4 34. Rc1 h5 35. Rc4 ({Also after} 35. Kf3 Rb2 36. Ke3 Kg7 {Black is completely out of danger.}) 35... Rb2 36. Nc3 Bxc3 37. Rxc3 Rb5 38. Rf3 Kg7 39. Kh3 Kh6 40. Kh4 Rb1 41. Kh3 Rb5 42. Kh4 Rb1 43. Kh3 1/2-1/2

[Event "Moscow Tal Memorial 4th"]
[Site "Moscow"]
[Date "2009.11.12"]
[Round "7"]
[White "Svidler, Peter"]
[Black "Carlsen, Magnus"]
[Result "1/2-1/2"]
[WhiteElo "2754"]
[BlackElo "2801"]
[PlyCount "79"]
[EventDate "2009.11.05"]
[EventType "tourn"]
[EventRounds "9"]
[EventCountry "RUS"]
[EventCategory "21"]
[SourceTitle "CBM 133"]
[Source "ChessBase"]
[SourceDate "2009.11.19"]
[SourceVersion "1"]
[SourceVersionDate "2009.11.19"]
[SourceQuality "1"]

1. e4 c5 2. Nf3 Nc6 3. Bb5 e6 4. O-O Nge7 5. c3 a6 6. Ba4 b5 7. Bc2 d5 8. a4 b4 9. d4 cxd4 10. cxd4 ({RR} 10. Nxd4 Nxd4 11. Qxd4 Nc6 12. Qd1 d4 13. a5 Bc5 14. Qh5 Qd6 15. Rd1 e5 16. Ba4 Bd7 17. Nd2 O-O 18. Nc4 Qe6 19. cxb4 Bxb4 20. Nb6 Rae8 21. Bd2 Bxd2 22. Rxd2 Nb8 23. Bd1 Bc6 24. Qe2 Bb5 {Ramirez Maillo,C (2112)-Garcia Blanco,O (2366) Santa Cruz de La Palma ESP 2025 0-1 (43)}) 10... dxe4 11. Bxe4 Nd5 ({RR} 11... Bb7 12. Nbd2 Na5 13. Bxb7 Nxb7 14. a5 Nd5 15. Ne5 Nd6 16. Ne4 Be7 17. Nxd6+ Qxd6 18. Qa4+ Kf8 19. Bd2 f6 20. Nd7+ Kf7 21. Rfe1 Rhc8 22. Nc5 Qc6 23. Bxb4 Qxa4 24. Rxa4 e5 25. Ba3 exd4 26. Ne4 {Bartel,M (2627)-Krasenkow,M (2614) Trzcianka 2015 ½-½ (35)}) 12. Nbd2 Bb7 $146 ({RR} 12... a5 13. Nc4 Be7 14. Ne3 Bb7 15. Nxd5 exd5 16. Bd3 O-O 17. Bf4 Ba6 18. Rc1 Qb6 19. Re1 Bxd3 20. Qxd3 Bf6 21. Be5 Bxe5 22. dxe5 Ne7 23. Nd4 Rac8 24. Rxc8 Rxc8 25. e6 fxe6 26. Nxe6 Qd6 27. h4 {Bartel,M (2627)-Sagar,S (2458) Dubai 2015 1-0 (32)}) ({RR} 12... Be7 13. Nb3 Qd6 14. Qc2 h6 15. Bf4 Qd7 16. Nc5 Bxc5 17. Qxc5 f5 18. Bxd5 Qxd5 19. Qxd5 exd5 20. Rfe1+ Kd7 21. Rac1 Bb7 22. Rc5 Rad8 23. Rxd5+ Kc8 24. Rc1 g5 25. Be5 Rh7 26. Rdc5 g4 27. Nh4 {Wohl,A (2439)-Xie,G (2340) Brisbane 2005 1-0}) 13. Nb3 Be7 14. Nc5 Bxc5 15. dxc5 O-O 16. Qc2 Nf6 17. Rd1 Qc7 18. Bd3 h6 19. b3 Na5 20. Bb2 Bxf3 21. gxf3 Qf4 22. Be2 Rfc8 23. Rac1 Nb7 24. c6 Na5 25. c7 Nd5 26. Qe4 Qxe4 27. fxe4 Nxc7 28. Be5 Ne8 29. Rxc8 Rxc8 30. Bxa6 Ra8 31. Be2 Nxb3 32. Rb1 Na5 33. Bb5 b3 34. Bc3 Nd6 35. f3 Ndc4 36. Kf2 f6 37. Ke2 Na3 38. Rb2 N3c4 39. Rb1 Na3 40. Rb2 1/2-1/2